India disasters report II: (Record no. 4757)
[ view plain ]
| 000 -LEADER | |
|---|---|
| fixed length control field | 00955cam a2200373 i 4500 |
| 001 - CONTROL NUMBER | |
| control field | |
| 003 - CONTROL NUMBER IDENTIFIER | |
| control field | OSt |
| 005 - DATE AND TIME OF LATEST TRANSACTION | |
| control field | 20220107122802.0 |
| 008 - FIXED-LENGTH DATA ELEMENTS--GENERAL INFORMATION | |
| fixed length control field | 130213s2013 ii a b 001 0 eng d |
| 010 ## - LIBRARY OF CONGRESS CONTROL NUMBER | |
| LC control number | |
| 015 ## - NATIONAL BIBLIOGRAPHY NUMBER | |
| Source | |
| 016 7# - NATIONAL BIBLIOGRAPHIC AGENCY CONTROL NUMBER | |
| Record control number | |
| Source | |
| 020 ## - INTERNATIONAL STANDARD BOOK NUMBER | |
| International Standard Book Number | 9780198090410 |
| 035 ## - SYSTEM CONTROL NUMBER | |
| System control number | |
| 035 ## - SYSTEM CONTROL NUMBER | |
| System control number | |
| 037 ## - SOURCE OF ACQUISITION | |
| Stock number | |
| 040 ## - CATALOGING SOURCE | |
| Original cataloging agency | |
| Language of cataloging | |
| Transcribing agency | IIITMK |
| Description conventions | |
| 042 ## - AUTHENTICATION CODE | |
| Authentication code | |
| -- | |
| 050 00 - LIBRARY OF CONGRESS CALL NUMBER | |
| Item number | |
| 082 04 - DEWEY DECIMAL CLASSIFICATION NUMBER | |
| Classification number | 363.340954 PAR/I |
| Edition number | |
| 100 ## - MAIN ENTRY--PERSONAL NAME | |
| Personal name | Parasuraman, S.(Ed.) |
| 9 (RLIN) | 7188 |
| 245 00 - TITLE STATEMENT | |
| Title | India disasters report II: |
| Remainder of title | Redefining disasters |
| Statement of responsibility, etc. | edited by S. Parasuraman, Unni Krishnan. |
| 250 ## - EDITION STATEMENT | |
| Edition statement | |
| 260 ## - PUBLICATION, DISTRIBUTION, ETC. | |
| Place of publication, distribution, etc. | New Delhi, |
| Name of publisher, distributor, etc. | Oxford University Press, |
| Date of publication, distribution, etc. | 2013 |
| 300 ## - PHYSICAL DESCRIPTION | |
| Extent | xvii, 238 p. |
| Other physical details | |
| Dimensions | |
| 504 ## - BIBLIOGRAPHY, ETC. NOTE | |
| Bibliography, etc. note | Includes bibliographical references. |
| 520 ## - SUMMARY, ETC. | |
| Summary, etc. | |
| 650 #0 - SUBJECT ADDED ENTRY--TOPICAL TERM | |
| Topical term or geographic name entry element | DISASTERS |
| 9 (RLIN) | 7189 |
| 650 #0 - SUBJECT ADDED ENTRY--TOPICAL TERM | |
| Topical term or geographic name entry element | EMERGENCY MANAGEMENT |
| 9 (RLIN) | 7190 |
| 650 #0 - SUBJECT ADDED ENTRY--TOPICAL TERM | |
| Topical term or geographic name entry element | INDIA |
| 9 (RLIN) | 7191 |
| 700 1# - ADDED ENTRY--PERSONAL NAME | |
| Personal name | Krishnan, Unni, |
| Relator term | editor of compilation. |
| 9 (RLIN) | 7192 |
| 942 ## - ADDED ENTRY ELEMENTS (KOHA) | |
| Source of classification or shelving scheme | Dewey Decimal Classification |
| Koha item type | Books |
| Withdrawn status | Lost status | Source of classification or shelving scheme | Damaged status | Not for loan | Collection code | Home library | Current library | Shelving location | Date acquired | Cost, normal purchase price | Total Checkouts | Full call number | Barcode | Date last seen | Date last checked out | Price effective from | Koha item type |
|---|---|---|---|---|---|---|---|---|---|---|---|---|---|---|---|---|---|
| Dewey Decimal Classification | Non Fiction | Kerala University of Digital Sciences, Innovation and Technology Knowledge Centre | Kerala University of Digital Sciences, Innovation and Technology Knowledge Centre | Economics | 05/06/2015 | 431.00 | 1 | 363.340954 PAR/I | 4177 | 28/04/2024 | 28/04/2024 | 05/06/2015 | Books |